Cultura juvenil y desarrollo humano (Record no. 112351)
[ view plain ]
| 000 -CABECERA | |
|---|---|
| campo de control de longitud fija | 00618cab a2200193 ab4500 |
| 005 - FECHA Y HORA DE LA ÚLTIMA TRANSACCIÓN | |
| campo de control | 20250925094319.0 |
| 008 - ELEMENTOS DE LONGITUD FIJA--INFORMACIÓN GENERAL | |
| campo de control de longitud fija | 991125d2004 mx fr p 000 0 spa u |
| 035 ## - NÚMERO DE CONTROL DEL SISTEMA | |
| Número de control de sistema | UPN01000140203 |
| 040 ## - FUENTE DE LA CATALOGACIÓN | |
| Centro catalogador/agencia de origen | MX-MxUPN |
| Lengua de catalogación | spa |
| Centro/agencia transcriptor | MX-MxUPN |
| Normas de descripción | aacr2 |
| 100 1# - ASIENTO PRINCIPAL--NOMBRE PERSONAL | |
| Nombre de persona | Lechner, Norbert |
| 245 1# - MENCIÓN DE TÍTULO | |
| Título | Cultura juvenil y desarrollo humano |
| Medio | [recurso electrónico en línea] |
| 653 0# - TERMINO DE INDIZACION - NO CONTROLADO | |
| Término no controlado | Cultura juvenil |
| 653 0# - TERMINO DE INDIZACION - NO CONTROLADO | |
| Término no controlado | Convivencia social |
| 653 0# - TERMINO DE INDIZACION - NO CONTROLADO | |
| Término no controlado | Jóvenes |
| 773 ## - ENLACE AL DOCUMENTO FUENTE/ENTRADA DE REGISTRO ANFITRIÓN | |
| Parte(s) relacionada(s) | Vol. 8, no 20, (2004), p. 12-26 |
| Título | Jóvenes : revista de estudios sobre juventud |
| Número Internacional Normalizado para Publicaciones Seriadas | 1405-406X |
| 902 ## - ELEMENTOS DE DATOS B LOCAL, LDB (RLIN) | |
| Creó | Leonor Sotres/250925 |
| 905 ## - TIPO DE MATERIAL | |
| Tipo de material | Articulo |
| 942 ## - ELEMENTOS DE PUNTO DE ACCESO ADICIONAL (KOHA) | |
| Tipo de ítem Koha | Artículo Impreso |
| Estado de retiro | Estado de pérdida | Estado dañado | No para préstamo | Código de colección | Localización permanente | Ubicación/localización actual | Ubicación en estantería | Fecha de adquisición | Total de préstamos | Fecha visto por última vez | Precio válido a partir de | Tipo de ítem Koha |
|---|---|---|---|---|---|---|---|---|---|---|---|---|
| Disponible (Préstamo en sala) | Revistas | Bib. Gregorio Torres Quintero | Bib. Gregorio Torres Quintero | Hemeroteca Sótano | 25/09/2025 | 25/09/2025 | 25/09/2025 | Artículo Impreso |
